00547nam a2200205 a 45000010005000000030009000050080041000140400028000550820017000831000018001002450045001182500007001632600035001703000010002054900025002156500021002406500021002616500036002826500023003185875CO-ViMGA141112s2004 ck r 000 u spa d aCO-ViMGAbspacCO-ViMGA04a946.042 D3721 aDescola, Jean10aLos conquistadores del imperio español a3a aBarcelona : bJuventud, c1989 a430 p aGrandes biografías14aCOLON, CRISTOBAL14aCORTES, HERNANDO14aESPAÑA - HISTORIA - CONQUISTA14aPIZARRO, FRANCISCO